| 000 | 01053nam a22002417a 4500 | ||
|---|---|---|---|
| 008 | 081120t xxu||||| |||| 00| 0 eng d | ||
| 010 | _aENG-91698 | ||
| 020 |
_a9788175346307 _c250.00 |
||
| 035 | _aEN-75231 | ||
| 037 | _bDBAD / PUB | ||
| 040 |
_adpl _bEnglish |
||
| 082 | _a347.54014 | ||
| 100 | _aKrishna Iyer, V.R., 1915- | ||
| 245 |
_aThe majesty of the judiciary / _cby V.R. Krishna Iyer |
||
| 260 |
_aDelhi _bUniversal Law Publishing _c2007 |
||
| 270 |
_aC-FF-1A, Dilkhush Industrial Estate, (Opp, Hans Cinema, Azadpur) GT. Karnal Road,, _bDelhi _e110033 |
||
| 300 |
_a178p. _c25cm (Hb) |
||
| 520 | _aArticles on judges, judicial reforms, constitutional law, death sentence, arbitration, and jurisprudence. | ||
| 650 |
_aJustice, Administration of _zIndia |
||
| 650 |
_aJudges _zIndia _vBiography. |
||
| 942 |
_2ddc _cEN _mIYE _h347.54014 |
||
| 999 |
_c18855 _d18855 |
||